On Paper - Statistics

General Stats
  • This quiz has been taken 3 times
  • The average score is 15 of 30
Answer Stats
Hint Answer % Correct
Little laceration Paper cut
100%
Bendable book Paperback
67%
Wire widget Paper clip
67%
Diaphonous drape Paper curtain
67%
Sheet slicer Paper cutter
67%
Cut-out cutey Paper doll
67%
Printer problem Paper jam
67%
Messy medium Paper maché
67%
Pulp processor Paper mill
67%
Printed payment Paper money
67%
Lunar lantern Paper moon
67%
Delivery destinations Paper route
67%
Heavy holder Paper weight
67%
Folded flyer Paper airplane
33%
Seat-back sack Paper bag
33%
Press purveyor Paper boy
33%
Degree doggedness Paper chase
33%
Hard history Paper copy
33%
Partition paster Paper hanger
33%
Tissue topper Paper hat
33%
Disposable dish Paper plate
33%
Ready return Paper profit
33%
Ardent administrator Paper pusher
33%
Discreet disposal Paper shredder
33%
Doily decoration Paper snowflake
33%
Cut close Paper thin
33%
Feckless feline Paper tiger
33%
Spill sponge Paper towel
33%
Pecuniary path Paper trail
33%
Preliminary process Paperwork
33%
No matching quizzes found
Score Distribution
Percent of People with Each Score
Percentile by Number Answered
Your Score History
You have not taken this quiz